000 00363nam a2200157Ia 4500
008 221030s9999 xx 000 0 und d
020 _a0876921217
041 _aEnglish
082 _a105.23
_bWor
100 _aT. Worth
245 0 _aCobol For Beginners
_cby T. Worth
260 _bPHI
_aNew Delhi
_c1992
300 _a369
650 _aBE Computer
942 _cBK
999 _c7758
_d7758